Polscy Medaliści Igrzysk Olimpijskich Monachium 1972 - Statystyki

Ogólne statystyki
  • Ten quiz został rozwiązany 14 razy
  • Średni wynik to 23 z 48
Statystyki odpowiedzi
Wskazówka Odpowiedź % Poprawnych
Złoto Hubert Kostka
100%
Złoto Kazimierz Deyna
91%
Złoto Włodzimierz Lubański
91%
Złoto Grzegorz Lato
82%
Brąz Irena Szewińska
82%
Złoto Jerzy Gorgoń
82%
Złoto Robert Gadocha
82%
Złoto Antoni Szymanowski
73%
Złoto Kazimierz Kmiecik
73%
Złoto Witold Woyda
73%
Złoto Witold Woyda
73%
Złoto Władysław Komar
73%
Złoto Zygfryd Szołtysik
73%
Złoto Marian Szeja
64%
Złoto Zygmunt Anczok
64%
Złoto Zygmunt Maszczyk
64%
Złoto Zygmunt Smalcerz
64%
Złoto Andrzej Jarosik
55%
Złoto Jan Szczepański
55%
Złoto Jerzy Kraska
55%
Złoto Lesław Ćmikiewicz
55%
Złoto Marian Ostafiński
55%
Złoto Zbigniew Gut
55%
Złoto Arkadiusz Godel
45%
Złoto Joachim Marx
45%
Złoto Józef Zapędzki
45%
Złoto Marek Dąbrowski
45%
Złoto Ryszard Szymczak
45%
Brąz Janusz Gortat
36%
Złoto Jerzy Kaczmarek
36%
Złoto Lech Koziejowski
36%
Brąz Zbigniew Kaczmarek
36%
Srebro Irena Szydłowska
27%
Brąz Kazimierz Lipień
27%
Srebro Norbert Ozimek
27%
Brąz Ryszard Katus
27%
Brąz Andrzej Bek
18%
Srebro Antoni Zajkowski
18%
Brąz Benedykt Kocot
18%
Srebro Edward Barcik
18%
Brąz Leszek Błażyński
18%
Srebro Lucjan Lis
18%
Srebro Ryszard Szurkowski
18%
Srebro Stanisław Szozda
18%
Srebro Wiesław Rudkowski
18%
Brąz Czesław Kwieciński
9%
Brąz Rafał Piszcz
9%
Brąz Władysław Szuszkiewicz
9%
Nie znaleziono quizów pasujących do podanych kryteriów
Rozkład punktacji
Procent ludzi z każdym wynikiem
Percentyl według liczby udzielonych odpowiedzi
Twoja historia wyników
Nie rozwiązałeś tego quizu